| 000 | 00975 a2200241 4500 | ||
|---|---|---|---|
| 999 |
_c2372 _d2372 |
||
| 020 | _a0761929096 (hdbk.) | ||
| 020 | _a076192910X (pbk.) | ||
| 020 | _a9780761929109 | ||
| 050 | 0 | 0 | _aHV6080 FEL 2006 |
| 100 | 1 |
_aFelson, Marcus, _d1947- |
|
| 245 | 1 | 0 |
_aCrime and nature / _cMarcus Felson. |
| 264 |
_aThousand Oaks _bSAGE _c2006 |
||
| 300 |
_axiv, 391 p. : _bill. ; |
||
| 500 | _aCrime | ||
| 504 | _aIncludes bibliographical references and index. | ||
| 650 | 0 | _aCriminal psychology. | |
| 650 | 0 | _aCriminal behavior. | |
| 856 | 4 | 1 |
_3Table of contents only _uhttp://www.loc.gov/catdir/toc/ecip062/2005031627.html |
| 856 | 4 | 2 |
_3Publisher description _uhttp://www.loc.gov/catdir/enhancements/fy0661/2005031627-d.html |
| 856 | 4 | 2 |
_3Contributor biographical information _uhttp://www.loc.gov/catdir/enhancements/fy0734/2005031627-b.html |
| 942 |
_2lcc _cBK _h6080 _iFEL _kHV |
||